Impact and effect on quality of life in Dental traumatic injuries in children and adolescents (Record no. 23547)

MARC details
000 -LEADER
fixed length control field 00412nam a22001457a 4500
003 - CONTROL NUMBER IDENTIFIER
control field SGT
082 ## - DEWEY DECIMAL CLASSIFICATION NUMBER
Classification number 617.645
Item number I22T
100 ## - MAIN ENTRY--PERSONAL NAME
Personal name Taruna
245 ## - TITLE STATEMENT
Title Impact and effect on quality of life in Dental traumatic injuries in children and adolescents
260 ## - PUBLICATION, DISTRIBUTION, ETC. (IMPRINT)
Name of publisher, distributor, etc SGT University
Year of Publication 2022
300 ## - PAGE DESCRIPTION
No. of Pages 56
650 ## - SUBJECT ADDED ENTRY--TOPICAL TERM
Topical term or geographic name as entry element Pediatric & Preventive Dentistry
653 ## - KEYWORDS--INDEX TERM
Keyword term Pediatric & Preventive Dentistry
942 ## - ADDED ENTRY ELEMENTS (KOHA)
Source of classification or shelving scheme Dewey Decimal Classification
Koha item type Thesis/Dissertation
Holdings
Withdrawn status Lost status Source of classification or shelving scheme Damaged status Use restrictions Not for loan Home library Current library Date acquired Total Checkouts Full call number Accession No. (Barcode) Date last seen Bill Date Koha item type
    Dewey Decimal Classification   Restricted Access Not For Loan SGT Dental Library SGT Dental Library 05/10/2022   617.645 I22T DT1450 03/12/2022 03/12/2022 Thesis/Dissertation